Gabito, el niño que soñó a Macondo / (Registro nro. 3102)

Detalles MARC
000 -LEADER
fixed length control field 01407nam a2200205 a 4500
008 - CAMPO DE CONTROL (LIBRO)
fixed length control field 011117t2013 ck a|||g |||| 000 1 spa d
020 ## - INTERNATIONAL STANDARD BOOK NUMBER
ISBN 9789588727752
041 ## - CODIGO DE IDIOMA
Código de idioma del texto/pista de sonido o título separado spa
092 ## - SIGNATURA TOPOGRAFICA DEWEY LOCAL
número de clasificación 808
libristica 28
sección GAR
100 1# - ENTRADA PRINCIPAL--NOMBRE PERSONAL
Nombre personal García Márquez, Aida
9 (RLIN) 4138
245 ## - TITULO PROPIAMENTE DICHO
Título Gabito, el niño que soñó a Macondo /
Mención de responsabilidad y remanente de la transcripción de la portada Aida García Márquez
250 ## - MENCION DE EDICION
Mención de edición 1a ed.
260 ## - PIE DE IMPRENTA
Lugar de publicación, distribución, etc Colombia:
Nombre de la editorial, distribuidor, etc Grupo Z;
Fecha de publicación 2013.
300 ## - DESCRIPCION FISICA
Extension 159 p.
500 ## - NOTA GENERAL
Nota general García Márquez, A. (2013). Gabito, el niño que soñó a Macondo. (1a ed.). Colombia : Grupo Z.
520 ## - NOTA DE RESUMEN
Nota de resumen La infancia es una patria, dijo un poeta. Gabito el niño que soño a Macondo , es un maravilloso recorrido por la niñez del Nobel colombiano en Aracara. Su hermana Aida Rosa, es una prosa sobria y entrañable, nos introduce en el mundo donde se creò Macondo.<br/>El lector encontrarà las claves para saber la procedencia de Remedios la Bella, del coronel Aureliano Buendìa y otros personajes que sirvieron de inspiraciòn para esa gran novela de todos los tiempos: Cien años de soledad. Existen muchos libros sobre Garcìa Marquez, pero ninguno que nos acerque con tanta veracidad y pasiòn al niñp que fue mago, director de teatro, guionista de pelìculas, dibujante, cantante de boleros y luego al escritor que fabulò nuestras raìces como ningùn otro. <br/>
590 ## - NOTAS LOCALES (RLIN)
Nota local Donación. Proyecto Literatura 4to libro
655 ## - MATERIA - GENERO/FORMA
Género/Forma Literatura
-- 2917
942 ## - ADDED ENTRY ELEMENTS (KOHA)
Source of classification or shelving scheme Dewey Decimal Classification
Item type LITERATURA
Existencias
Estado de retiro Existencia Fuente de clasificación Estado general No para prestamo Ubicación permanente ubicación actual Sala de ubicación Fecha de adquisición Fuente de adquisición Total Checkouts Número de clasificación Código de barras Date last seen Número de ejemplar Price effective from Koha tipo de elemento (item) Public note
    Dewey Decimal Classification     Biblioteca Medicina Biblioteca Medicina Circulación 15/03/2021 Donación Constanzo, Juan Carlos. Marzo 2021   808 28 GAR 4655 15/03/2021 Ej. 1 15/03/2021 LITERATURA Donación Constanzo, Juan Carlos. Marzo 2021

UNIVERSIDAD NACIONAL DEL COMAHUE
Biblioteca de la Facultad de Ciencias Médicas
Sede Toschi: Los Arrayanes y Av. Toschi, Cipolletti  - Rio Negro
Sede Los Tordos:  Yrigoyen al 2211, Cipolletti - Rio Negro 

Teléfono: 0299 - 4774707 int 25
Contacto: biblioteca@facimed.uncoma.edu.ar
© 2011 - 2026